01704nam a2200421 a 4500001001200000003000800012006001900020007001500039008004100054010001700095020002600112020002700138040002100165035002000186050002600206082001800232100001800250245009900268260007000367300001500437490006400452504006400516533015200580600005800732650004800790650002300838650003700861650003100898650002700929650002600956650002400982650002401006655002901030710001701059830006501076856012601141999001501267ebr10005040CaPaEBRm u cr cn|||||||||010627s2002 nyu sb 001 0 eng  z 2001037853 z0521806844 (hardback) z0521010934 (paperback) aCaPaEBRcCaPaEBR a(OCoLC)5613115514aPS169.L37bC73 2002eb04a810.9/3552211 aCrane, Gregg.10aRace, citizenship, and law in American literatureh[electronic resource] /cby Gregg D. Crane. aCambridge, U.K. :aNew York :bCambridge University Press,c2002. axi, 299 p.1 aCambridge studies in American literature and culture ;v128 aIncludes bibliographical references (p. 223-292) and index. aElectronic reproduction.bPalo Alto, Calif. :cebrary,d2013.nAvailable via World Wide Web.nAccess may be limited to ebrary affiliated libraries.10aStowe, Harriet Beecher,d1811-1896xViews on slavery. 0aAmerican literaturexHistory and criticism. 0aLaw in literature. 0aAfrican Americans in literature. 0aCitizenship in literature. 0aSlavery in literature. 0aRacism in literature. 0aLaw and literature. 0aRace in literature. 7aElectronic books.2local2 aebrary, Inc. 0aCambridge studies in American literature and culture ;v128.40uhttp://site.ebrary.com/lib/rucke/Doc?id=10005040zAn electronic book accessible through the World Wide Web; click to view c3264d3264